000 01217nabaa22002297a 4500
999 _c6159
_d6159
003 OSt
005 20260123201627.0
008 190701b xxu||||| |||| 00| 0 spa d
040 _cPJ
100 _934
_aPerrino, Pablo Esteban
245 1 0 _aBreves reflexiones sobre el principio de legalidad de la administración, las potestades administrativas y las restricciones de derechos /
_cPablo E. Perrino.
300 _ap. 174-185
500 _aCita: TR LALEY AR/DOC/3193/2023
505 _aSumario: I. Principio de legalidad y Estado de derecho.— II. Fundamento constitucional.— III. Relación entre la legalidad y la administración.— IV. Principio de legalidad y potestades administrativas implícitas.— V. Principio de legalidad y restricciones de derechos.
505 _t¿Te interesa el texto completo? Comunicate al correo: koha@justierradelfuego.gov.ar
650 0 _9211
_aDERECHO ADMINISTRATIVO
650 0 _9615
_aDERECHOS Y GARANTIAS CONSTITUCIONALES
650 0 _92977
_aCONTROL DE LEGITIMIDAD
650 0 _96796
_aGRATUIDAD DEL PROCEDIMIENTO
773 0 _02842
_93251
_dBuenos Aires : AbeledoPerrot, 2012-
_oDA121
_tDerecho administrativo. Nº 151 enero/febrero 2024
_z18510590
942 _2udc
_cANA